Zahlen 1-100 in 15 Sekunden - Statistiken

Allgemein
  • Dieses Quiz wurde 2.225 mal gespielt
    1.843 seit der letzten Aktualisierung
  • Das Durchschnittsergebnis liegt bei 19 aus 25
Antwortstatistiken
Nummer % Korrekt
1
100%
2
99%
3
98%
4
98%
5
97%
6
96%
7
95%
8
94%
9
94%
10
89%
11
87%
12
83%
13
80%
14
78%
15
77%
16
74%
17
71%
18
68%
19
65%
20
58%
21
54%
22
48%
23
43%
24
39%
25
36%
Keine übereinstimmenden Quizze gefunden
Verteilung der Resultate
Anzahl Personen mit jedem Resultat
Perzentil nach korrekt beantworteten Fragen
Ihre Resultats-Entwicklung
Sie haben dieses Quiz seit der letzten Aktualisierung nicht gespielt